Where's Wally? : (Record no. 49870)
| 000 -LEADER | |
|---|---|
| fixed length control field | 00351nam a2200121 4500 |
| 020 ## - INTERNATIONAL STANDARD BOOK NUMBER | |
| International Standard Book Number | 9780744520019 |
| 100 ## - MAIN ENTRY--PERSONAL NAME | |
| Personal name | Handford, Martin. |
| 9 (RLIN) | 36537 |
| 245 ## - TITLE STATEMENT | |
| Title | Where's Wally? : |
| Remainder of title | the fantastic journey / |
| 260 ## - PUBLICATION, DISTRIBUTION, ETC. (IMPRINT) | |
| Place of publication, distribution, etc | London: |
| Name of publisher, distributor, etc | Walker Books; |
| Date of publication, distribution, etc | 1991. |
| 300 ## - PHYSICAL DESCRIPTION | |
| Extent | (unpaged) |
| Other physical details | col. ill. |
| Dimensions | 32 cm. |
| 650 ## - SUBJECT ADDED ENTRY--TOPICAL TERM | |
| Topical term or geographic name as entry element | Search and find game. |
| 9 (RLIN) | 86995 |
| 942 ## - ADDED ENTRY ELEMENTS (KOHA) | |
| Source of classification or shelving scheme | |
| Koha item type | NON FIC SECTION |
| Withdrawn status | Lost status | Source of classification or shelving scheme | Damaged status | Not for loan | Collection code | Home library | Current library | Shelving location | Date acquired | Total Checkouts | Total Renewals | Full call number | Barcode | Date last seen | Date checked out | Price effective from | Koha item type |
|---|---|---|---|---|---|---|---|---|---|---|---|---|---|---|---|---|---|
| Non-Fiction | Asian Hope Secondary Library | Asian Hope Secondary Library | SECONDARY | 12/05/2025 | 3 | 1 | 793.73 HAN | 208605 | 03/06/2026 | 02/27/2026 | 12/05/2025 | NON FIC SECTION |